Central Library OPAC University of Rajshahi

On the economic theory of socialism / (Record no. 46036)

MARC details
000 -LEADER
fixed length control field 00834nam a2200241 a 4500
001 - CONTROL NUMBER
control field 46036
003 - CONTROL NUMBER IDENTIFIER
rucl marc code BD-RjUL
005 - DATE AND TIME OF LATEST TRANSACTION
control field 20211209054111.0
008 - FIXED-LENGTH DATA ELEMENTS--GENERAL INFORMATION
fixed length control field 131219r19791938mnu 000 0 eng
035 ## - SYSTEM CONTROL NUMBER
System control number (BD-RjUL)46154
040 ## - CATALOGING SOURCE
Original cataloging agency DLC
Transcribing agency OAU
Modifying agency CU-S
-- DLC
-- BD-RjUL
Language of cataloging eng
041 ## - LANGUAGE CODE
Language code of text/sound track or separate title eng
082 00 - DEWEY DECIMAL CLASSIFICATION NUMBER
Edition number 23
Classification number 335.4
Author mark and year LAO 1938
100 1# - MAIN ENTRY--PERSONAL NAME
Personal name Lange, Oskar
9 (RLIN) 10951
245 10 - TITLE STATEMENT
Title On the economic theory of socialism /
Statement of responsibility, etc. Oskar Lange and Fred M. Taylor ; edited by Benjamin E. Lippincott.
260 ## - PUBLICATION, DISTRIBUTION, ETC. (IMPRINT)
Place of publication, distribution, etc. New Delhi. :
Name of publisher, distributor, etc. Tata McGraw-Hill Publishing Co.,
Date of publication, distribution, etc. c1938 [reprinted 1979].
300 ## - PHYSICAL DESCRIPTION
Pagination vii, 143 p. ;
Size 20 cm.
650 #0 - SUBJECT ADDED ENTRY--TOPICAL TERM
Topical term or geographic name as entry element Marxian economics.
9 (RLIN) 6707
Topical term or geographic name as entry element Socialism.
9 (RLIN) 10953
700 1# - ADDED ENTRY--PERSONAL NAME
Personal name Lippincott, Benjamin E.
Fuller form of name (Benjamin Evans),
Dates associated with a name 1902-
Personal name Taylor, F. M.
Fuller form of name (Fred Manville),
Dates associated with a name 1855-1932.
942 ## - ADDED ENTRY ELEMENTS (KOHA)
Source of classification or shelving scheme Dewey Decimal Classification
Koha item type Books
Holdings
Lost status Source of classification or shelving scheme Damaged status Not for loan Collection code Permanent Location Current Location Shelving location Date acquired Source of acquisition Cost, normal purchase price Total Checkouts Full call number Date last seen Copy number Koha item type
  Dewey Decimal Classification     Non-fiction Central Library, University of Rajshahi Central Library, University of Rajshahi   28/07/1982 Aligore Library, Rajshahi 31.50   335.4 LAO 1979 30/07/2016 C-2 Books